=LDR 00000nam 2200000 4500 =001 INLIS000000000028046 =990 ##$$a 1202100042 =990 ##$$a 1202100042 =005 20130612130358 =008 ***********************************Ind** =035 ##$$0010-061300000028046 =041 ##$$a Ind =082 ##$$a 530.7 =090 ##$$a 530.7, Sit r =100 ##$$a Sitorus, Ronald H =245 ##$$a Ringkasan fisika untuk SMA/MA, Ronald H. Sitorus; Desi Anisya =260 ##$$a 2005 $b Bandung =300 ##$$a 592 hlm, ilus, 19 cm =650 ##$$a Fisika - Studi dan Pengajaran =700 ##$$a Ansya, Desi =850 ##$$a NBPNMAT =990 ##$$a 22342234 =990 ##$$a 22212221 =990 ##$$a 20707902 =990 ##$$a 1202100042 =990 ##$$a 11531153 =990 ##$$a 20707901 =990 ##$$a 1202100042 =990 ##$$a 20707902